|
|
|
|
| LEADER |
00000nam0a2200000 4500 |
| 001 |
120057 |
| 005 |
20260126145332.0 |
| 010 |
|
|
|a 527000979X
|
| 035 |
|
|
|a (RuTPU)RU\TPU\book\129981
|
| 090 |
|
|
|a 120057
|
| 100 |
|
|
|a 20070816d1988 m y0rusy50 ca
|
| 101 |
0 |
|
|a rus
|
| 102 |
|
|
|a RU
|
| 105 |
|
|
|a ach z 001ey
|
| 200 |
1 |
|
|a "К чести России". Из частной переписки 1812 года
|f сост., авт. предисл. и примеч. М. А. Бойцов; оформление и макет В. Королькова
|
| 210 |
|
|
|a Москва
|c Современник
|d 1988
|
| 215 |
|
|
|a 239 с.
|c ил.
|d 26 см.
|
| 300 |
|
|
|a В именном указателе даны краткие биографические сведения о лицах, упомянутых в письмах.
|
| 320 |
|
|
|a Примечания: с. 211-225
|
| 320 |
|
|
|a Именной указатель: с. 226-237
|
| 320 |
|
|
|a Важнейшие события и даты: с. 238.
|
| 606 |
|
|
|a Отечественная война 1812 в России
|9 81909
|
| 610 |
1 |
|
|a Россия
|
| 610 |
1 |
|
|a история
|
| 610 |
1 |
|
|a письма
|
| 610 |
1 |
|
|a персоналии
|
| 686 |
|
|
|a Т3(2)521.1-686
|2 rubbk
|
| 702 |
|
1 |
|a Бойцов
|b М. А.
|g Михаил Анатольевич
|4 220
|4 080
|
| 702 |
|
1 |
|a Корольков
|b В.
|4 040
|
| 801 |
|
1 |
|a RU
|b 63413507
|c 20070816
|g PSBO
|
| 801 |
|
2 |
|a RU
|b 63413507
|c 20121127
|g PSBO
|
| 942 |
|
|
|c BK
|